Pentesilea
Guardat en:
| Autor principal: | |
|---|---|
| Format: | Llibre |
| Idioma: | espanyol |
| Publicat: |
Buenos Aires
Sur
1954
|
| Matèries: | |
| Etiquetes: |
Afegir etiqueta
Sense etiquetes, Sigues el primer a etiquetar aquest registre!
|
MARC
| LEADER | 00000nam a2200000 a 4500 | ||
|---|---|---|---|
| 001 | UCV9217 | ||
| 003 | CL-VaPUC | ||
| 008 | 920709e19540000AG |||||||||||||||||spa|d | ||
| 082 | 0 | 4 | |a 832 |b KLE |2 21 |
| 100 | |a Kleist, Heinrich Wilhelm von |e author |9 383021 | ||
| 245 | 1 | 0 | |a Pentesilea |
| 300 | |a 156 p | ||
| 942 | |c BK | ||
| 945 | |d 19920709 00:00:00 | ||
| 260 | |a Buenos Aires |b Sur |c 1954 | ||
| 650 | 0 | |a Dramas alemanes |9 266681 | |
| 583 | |a last modification |c 20121002 01:31:10 |k Rodrigo Vera | ||
| 999 | |c 214588 |d 214586 | ||
| 952 | |0 0 |1 0 |4 0 |6 832_000000000000000_KLE_1954 |7 0 |8 P |9 198142 |a BIBARQ |b BIBARQ |d 2019-11-14 |i 2656973 |o 832 KLE 1954 |p 2656973 |r 2025-01-20 |w 2019-11-14 |y BK |k ARQ | ||